The European Development Fund and Economic Partnership Agreements (Record no. 42585)

MARC details
000 -LEADER
fixed length control field 00773nam a2200193 a 4500
008 - FIXED-LENGTH DATA ELEMENTS--GENERAL INFORMATION
fixed length control field 130418s2006 ||||||||||||||||| || u
020 ## - INTERNATIONAL STANDARD BOOK NUMBER
International Standard Book Number 0850928354
050 ## - LIBRARY OF CONGRESS CALL NUMBER
Classification number HC 59.7 Eur
100 ## - MAIN ENTRY--PERSONAL NAME
Personal name Grynberg, Roman
245 14 - TITLE STATEMENT
Title The European Development Fund and Economic Partnership Agreements
Statement of responsibility, etc. edited by Roman Grynberg and Alice Clarke
260 ## - PUBLICATION, DISTRIBUTION, ETC.
Place of publication, distribution, etc. London:
Name of publisher, distributor, etc. Commonwealth Secretariat
Date of publication, distribution, etc. 2006
300 ## - PHYSICAL DESCRIPTION
Extent vi, 161p.: ill.
490 ## - SERIES STATEMENT
Series statement Commonwealth economic papers
490 ## - SERIES STATEMENT
Volume/sequential designation 75
650 ## - SUBJECT ADDED ENTRY--TOPICAL TERM
Topical term or geographic name entry element ECONOMIC ASSISTANCE, EUROPEAN--DEVELOPING COUNTRIES
650 ## - SUBJECT ADDED ENTRY--TOPICAL TERM
Topical term or geographic name entry element EUROPEAN DEVELOPMENT FUND
700 ## - ADDED ENTRY--PERSONAL NAME
Personal name Clarke, Alice
995 ## - RECOMMENDATION 995 [LOCAL, UNIMARC FRANCE]
-- CBU-MAIN LIBRARY (Kitwe)
-- 1
-- AVAILABLE
-- Jun 13, 2013
-- Main Library Open Access Collection
Holdings
Withdrawn status Lost status Source of classification or shelving scheme Damaged status Not for loan Home library Current library Shelving location Date acquired Total Checkouts Full call number Barcode Date last seen Price effective from Koha item type
          CBU-MAIN LIBRARY, KITWE. CBU-MAIN LIBRARY, KITWE.   11/30/2022   HC 59.7 Eur 743889 11/30/2022 11/30/2022 MONOGRAPH